ბათუმის შოთა რუსთაველის სახელმწიფო უნივერსიტეტის ბიბლიოთეკა

Роль снежного покрова в земледелии (ბიბ.ჩანაწერი № 46028)

000 -LEADER
fixed length control field 00549nam a2200193Ia 4500
001 - CONTROL NUMBER
control field 12858
003 - CONTROL NUMBER IDENTIFIER
control field GE_BSU
008 - FIXED-LENGTH DATA ELEMENTS--GENERAL INFORMATION
fixed length control field 181216s||||||||xx |||||||||||||| ||und||
040 ## - CATALOGING SOURCE
Transcribing agency GE_BSU
080 ## - UNIVERSAL DECIMAL CLASSIFICATION NUMBER
Universal Decimal Classification number 631/635
245 ## - TITLE STATEMENT
Title Роль снежного покрова в земледелии
245 ## - TITLE STATEMENT
Statement of responsibility, etc. Отв.ред.Г.Д.Рихтер
260 ## - PUBLICATION, DISTRIBUTION, ETC.
Place of publication, distribution, etc. Москва
260 ## - PUBLICATION, DISTRIBUTION, ETC.
Name of publisher, distributor, etc. Акад.Наук СССР
260 ## - PUBLICATION, DISTRIBUTION, ETC.
Date of publication, distribution, etc. 1953
300 ## - PHYSICAL DESCRIPTION
Extent 112стр.20см.
653 ## - INDEX TERM--UNCONTROLLED
Uncontrolled term Роль снежного покрова в земледелии
942 ## - ADDED ENTRY ELEMENTS (KOHA)
Koha item type წიგნი
ეგზემპლარები
Withdrawn status Lost status Damaged status Not for loan Date acquired Barcode Date last seen Price effective from Koha item type
        2018-12-17 21032 2018-12-17 2018-12-17 წიგნი